Statistik tahunan dari pandjang djalan kereta api dan inpentaris bakal pelanting, (Record no. 60305)

MARC details
000 -LEADER
fixed length control field 00849cam a22002291 4500
001 - CONTROL NUMBER
control field sa 64007513
003 - CONTROL NUMBER IDENTIFIER
control field DLC
005 - DATE AND TIME OF LATEST TRANSACTION
control field 20260227112047.0
008 - FIXED-LENGTH DATA ELEMENTS--GENERAL INFORMATION
fixed length control field 860317s1963 io a s 000 0 ind
010 ## - LIBRARY OF CONGRESS CONTROL NUMBER
LC control number sa 64007513
035 ## - SYSTEM CONTROL NUMBER
System control number (OCoLC)13302928
040 ## - CATALOGING SOURCE
Original cataloging agency DLC
Transcribing agency CU
Modifying agency DLC
042 ## - AUTHENTICATION CODE
Authentication code premarc
043 ## - GEOGRAPHIC AREA CODE
Geographic area code a-io---
050 00 - LIBRARY OF CONGRESS CALL NUMBER
Classification number HE3328
Item number .A53
110 1# - MAIN ENTRY--CORPORATE NAME
Corporate name or jurisdiction name as entry element Indonesia.
Subordinate unit Biro Pusat Statistik.
245 10 - TITLE STATEMENT
Title Statistik tahunan dari pandjang djalan kereta api dan inpentaris bakal pelanting,
Remainder of title pembelian baru bakal pelanting, belandja modal dan lalu lintas barang dan penumpang.
260 ## - PUBLICATION, DISTRIBUTION, ETC.
Place of publication, distribution, etc. Djakarta,
Name of publisher, distributor, etc. Biro Pusat Statistik Seksi Statistik Penangkutan, Sekretariat Negara,
Date of publication, distribution, etc. [1963]
300 ## - PHYSICAL DESCRIPTION
Extent xviii, 39 p.
Other physical details illus.
Dimensions 30 cm.
440 #0 - SERIES STATEMENT/ADDED ENTRY--TITLE
Title Seri Statistik pengangkutan kereta api ;
Volume/sequential designation no. 1, 1963
650 #0 - SUBJECT ADDED ENTRY--TOPICAL TERM
Topical term or geographic name entry element Railroads
Geographic subdivision Indonesia
Form subdivision Statistics.

No items available.

Powered by Koha